Fall From Grace : (Record no. 22120)

MARC details
000 -LEADER
fixed length control field 00606nam a22002177a 4500
003 - CONTROL NUMBER IDENTIFIER
control field IBSLLIB
005 - DATE AND TIME OF LATEST TRANSACTION
control field 20260513061636.0
008 - FIXED-LENGTH DATA ELEMENTS--GENERAL INFORMATION
fixed length control field 260513b |||||||| |||| 00| 0 eng d
020 ## - INTERNATIONAL STANDARD BOOK NUMBER
International Standard Book Number 1559721359
040 ## - CATALOGING SOURCE
Original cataloging agency IBSLLIB
Language of cataloging English
041 ## - LANGUAGE CODE
Language code of original Eng
082 ## - DEWEY DECIMAL CLASSIFICATION NUMBER
Classification number 823
Item number BAI
100 ## - MAIN ENTRY--PERSONAL NAME
Personal name Bailey , Fenton
245 ## - TITLE STATEMENT
Title Fall From Grace :
Remainder of title The Untold Story Of Michael Milken
260 ## - PUBLICATION, DISTRIBUTION, ETC. (IMPRINT)
Place of publication, distribution, etc. Secaucus :
Name of publisher, distributor, etc. Carol Publishing Group ,
Date of publication, distribution, etc. 1991
300 ## - PHYSICAL DESCRIPTION
Extent 330 p ;
Dimensions 24 cm
653 ## - INDEX TERM--UNCONTROLLED
Uncontrolled term Literature
653 ## - INDEX TERM--UNCONTROLLED
Uncontrolled term English and old English literature
700 ## - ADDED ENTRY--PERSONAL NAME
Personal name DErshowitz , Alan
Relator term Introduction
942 ## - ADDED ENTRY ELEMENTS (KOHA)
Koha item type Lending Book
Holdings
Withdrawn status Lost status Damaged status Not for loan Collection code Permanent Location Current Location Shelving location Date acquired Source of acquisition Inventory number Full call number Barcode Koha item type
        Lending Collection IBSL Library IBSL Library Lending Section 30/04/2026 Donation 10858 823 BAI 10858 Lending Book
Copyright © 2024 IBSL Library, All rights reserved.
mail to: library@ibsl.lk | Contact: 0112425735 | Library Address: IBSL Library, 80A, Elvitigala Mawatha, Colombo 008